000 01101nam a2200241Ia 4500
003 Ost
005 20260507075454.0
008 260507s9999||||xx |||||||||||||| ||und||
020 _a6098249957
040 _cfsecg
041 _aara
082 _a657
100 _aالعناتي، رضوان محمد
_eمؤلف
245 0 _aمبادئ المحاسبة و تطبيقاتها ج2 /
_c رضوان محمد العناتي
250 _aطبعة 3
260 _aعمان:
_bدار صفاء للنشر و التوزيع,
_c2003
300 _a235 صفحة؛
_bإيضاحات ؛
_c24 سم
504 _aبيبليوغرافيا ص.234
520 _aالجرد -جرد الاصول الثابتة -جرد الاصول المتداولة -جرد الحسابات الوهمية -جرد الخصوم المتداولة -اثر التسويات الجردية على القوائم المالية -الدفاتر المساعدة والحسابات الاجمالية -الطرائق المحاسبية
653 _aالمحاسبة
653 _aمحاسبة التكاليف
942 _cكتاب
999 _c44654
_d44654